Teorija martingalov

Gespeichert in:
Bibliographische Detailangaben
Hauptverfasser: Širiajev, A.N (Verfasst von), Lipcer, R.Š (Verfasst von)
Format: Buch
Sprache:Russisch
Veröffentlicht: Moskva : Nauka, 1986
Tags: Tag hinzufügen
Keine Tags, Fügen Sie das erste Tag hinzu!

MARC

LEADER 00000nam a22000003a 4500
001 stu4785
005 20150617225811.2
008 931108s1986----xxr-----------------rus-d
040 |a STU  |b slo 
041 0 |a rus 
044 |a xxr 
080 |a 519.216.8 
100 1 |a Širiajev, A.N  |4 aut 
245 1 |a Teorija martingalov 
260 |a Moskva :  |b Nauka,  |c 1986 
300 |a 512 s 
700 1 |a Lipcer, R.Š  |4 aut 
996 |b E62360  |c E*62360  |l EE03  |s P  |a 0  |w stu4785_0002 
996 |b E65063  |c E*65063  |l EE03  |s P  |a 0  |w stu4785_0003